| 000 | 01143cam a2200277 i 4500 | ||
|---|---|---|---|
| 003 | SA-RiAUC | ||
| 005 | 20251004160535.0 | ||
| 008 | 251001s1983 su g b 000r0 ara c | ||
| 040 |
_aSA-RiAUC _bara _cSA-RiAUC _erda |
||
| 082 | 0 | 4 | _a256 |
| 090 |
_a256 _bج ع و |
||
| 100 | 1 |
_aالجعوان، محمد بن ناصر بن عبد الرحمن _eمؤلف. |
|
| 245 | 1 | 2 |
_aالقتال في الإسلام : _bأحكامه وتشريعاته : دراسة مقارنة / _cتأليف محمد بن ناصر بن عبد الرحمن الجعوان. |
| 250 | _aالطبعة الأولى. | ||
| 264 | 1 |
_a[مكان النشر غير محدد] : _b[الناشر غير محدد]، _c[1983. |
|
| 264 | 3 |
_aالرياض : _bمطابع المدينة |
|
| 300 |
_a287 صفحة ؛ _c24 سم |
||
| 336 |
_aنص _btxt _2rdacontent _3كتاب |
||
| 337 |
_aبدون وسيط _bn _2rdamedia |
||
| 338 |
_aمجلد _bnc _2rdacarrier |
||
| 504 | _aببليوجرافية : صفحة 267-276. | ||
| 650 | 7 |
_aالجهاد _2aucsh |
|
| 650 | 7 |
_aالسير (فقه إسلامي) _2aucsh |
|
| 942 |
_2ddc _cBOOK _n0 |
||
| 949 |
_aSA-JeALM _d251001 _umohamedma123 _n1 |
||
| 999 |
_c12357 _d12357 |
||